Rozpoznaj kraj po wskazówce #1 - Statystyki

Ogólne statystyki
  • Ten quiz został rozwiązany 185 razy
  • Średni wynik to 5 z 15
Statystyki odpowiedzi
Wskazówka Państwo % Poprawnych
Kiedyś ten kraj nazywał się III Rzesza. Niemcy
85%
2 największe miasto w tym kraju to Kraków. Polska
63%
Jest krajem europejskim, nie wyspiarskim kraj założycielski NATO, ale nie należy do UE. Norwegia
49%
Jest jedynym krajem, który zaczyna się na literę "V". Vanuatu
47%
Posiada Półwysep Synaj w swojej powierzchni. Egipt
43%
Jest największym (pod względem powierzchni) krajem śródlądowym swiata. Kazachstan
43%
Jako jedyny kraj na świecie posiada trzy stolice. Republika Południowej Afryki
37%
Leży na dwóch kontynentach i ma tą samą stolicę jak potoczna nazwa państwa. Panama
31%
Jako pierwszy kraj na świecie obchodzi Nowy Rok. Kiribati
30%
Jest najmniejszym krajem podwójnie śródlądowym świata. Liechtenstein
28%
Jest jednym z najbardziej zaokrąglonym państwem i zarazem jednym z najbiedniejszych państw świata. Sierra Leone
22%
Jest jedynym krajem wyspiarskim w Ameryce Północnej, którego obywatel zdobył Nagrodę Nobla. Saint Lucia
19%
Ma stolicę w Palikir. Mikronezja
7%
Miał dostęp do morza przed 1991 rokiem (nie Serbia!) Etiopia
6%
Jako pierwszy kraj wprowadzili szachy jako przedmiot obowiązkowy w szkole. Armenia
4%
Nie znaleziono quizów pasujących do podanych kryteriów
Rozkład punktacji
Procent ludzi z każdym wynikiem
Percentyl według liczby udzielonych odpowiedzi
Twoja historia wyników
Nie rozwiązałeś tego quizu